[Event "FICGS W-ch st1 g17 email"]
[Site "FICGS email"]
[Date "2012.01.01"]
[Round "1"]
[White "Siciliano, Pablo"]
[Black "Kapoor, Lalit"]
[Result "1/2-1/2"]
[WhiteElo "1652"]
[BlackElo "2077"]
[PlyCount "45"]
[EventDate "2012.??.??"]
[EventType "tourn (corr)"]
[EventRounds "8"]
[SourceTitle "Corr 2022"]
[Source "ChessBase"]
[SourceDate "2021.10.24"]
[SourceVersion "1"]
[SourceVersionDate "2021.10.24"]
[SourceQuality "1"]

1. e4 c5 2. Nf3 d6 3. d4 cxd4 4. Nxd4 Nf6 5. Nc3 a6 6. Bc4 e6 7. Bb3 b5 8. 0-0 Be7 9. Qf3 Qb6 10. Be3 Qb7 11. Qg3 b4 12. Na4 Nbd7 13. f3 0-0 14. a3 a5 15. Rfd1 Nc5 16. e5 Nh5 17. Qg4 dxe5 18. Qxh5 Nxa4 19. Bxa4 exd4 20. Bxd4 bxa3 21. bxa3 Qc7 22. Qe5 Qxe5 23. Bxe5 1/2-1/2

[Event "FICGS rapid C 000102 email"]
[Site "FICGS email"]
[Date "2011.11.11"]
[Round "1"]
[White "Siciliano, Pablo"]
[Black "Bhandarkar, Dinesh"]
[Result "1-0"]
[WhiteElo "1623"]
[BlackElo "1682"]
[PlyCount "65"]
[EventDate "2011.??.??"]
[EventType "tourn (rapid)"]
[EventRounds "1"]
[SourceTitle "Corr 2022"]
[Source "ChessBase"]
[SourceDate "2021.10.24"]
[SourceVersion "1"]
[SourceVersionDate "2021.10.24"]
[SourceQuality "1"]

1. e4 e5 2. Nf3 Nc6 3. Bb5 Nge7 4. 0-0 a6 5. Bc4 Ng6 6. Nc3 Bc5 7. Nd5 d6 8. c3 0-0 9. d4 Ba7 10. Bg5 Qd7 11. Be3 Nce7 12. dxe5 dxe5 13. Bxa7 Rxa7 14. Ne3 Qc6 15. Ng5 b5 16. Bb3 h6 17. Nxf7 Rxf7 18. Qd8+ Nf8 19. Bxf7+ Kxf7 20. f4 Nfg6 21. fxe5+ Ke6 22. Rad1 Qxe4 23. Nd5 Nxd5 24. Qxc8+ Ke7 25. Qg8 Kd7 26. Rfe1 Qf5 27. Qxd5+ Kc8 28. Qd8+ Kb7 29. e6 Ra8 30. e7 Nxe7 31. Qxe7 Rf8 32. Qe4+ Qxe4 33. Rxe4 1-0

[Event "FICGS rapid C 000101 email"]
[Site "FICGS email"]
[Date "2011.09.07"]
[Round "1"]
[White "Giandomenico, Alfonso"]
[Black "Siciliano, Pablo"]
[Result "0-1"]
[WhiteElo "1480"]
[BlackElo "1507"]
[PlyCount "72"]
[EventDate "2011.??.??"]
[EventType "tourn (rapid)"]
[EventRounds "6"]
[SourceTitle "Corr 2022"]
[Source "ChessBase"]
[SourceDate "2021.10.24"]
[SourceVersion "1"]
[SourceVersionDate "2021.10.24"]
[SourceQuality "1"]

1. e4 c5 2. Nf3 e6 3. d4 cxd4 4. Nxd4 a6 5. Nc3 Qc7 6. Bd3 Nf6 7. Be3 Nc6 8. Nxc6 bxc6 9. 0-0 Be7 10. Kh1 0-0 11. f4 d6 12. Qe1 c5 13. Qg3 Rb8 14. Rab1 Bb7 15. f5 c4 16. Be2 Kh8 17. Bf3 h6 18. Qh3 e5 19. g4 Nh7 20. Rg1 Bg5 21. Bxg5 Nxg5 22. Qg3 Qe7 23. Bg2 Rg8 24. h4 Nh7 25. Bf1 Nf6 26. Bg2 g6 27. Qh3 gxf5 28. gxf5 Bc6 29. Bf3 Qa7 30. Rxg8+ Rxg8 31. Qh2 Qe3 32. Rf1 Nxe4 33. Nxe4 Qxe4 34. Qf2 Qxf5 35. Kh2 Qf4+ 36. Kh1 Bxf3+ 0-1

[Event "FICGS rapid C 000101 email"]
[Site "FICGS email"]
[Date "2011.09.07"]
[Round "1"]
[White "Siciliano, Pablo"]
[Black "Simonnet, Franck"]
[Result "1-0"]
[WhiteElo "1507"]
[BlackElo "1683"]
[PlyCount "33"]
[EventDate "2011.??.??"]
[EventType "tourn (rapid)"]
[EventRounds "6"]
[SourceTitle "Corr 2022"]
[Source "ChessBase"]
[SourceDate "2021.10.24"]
[SourceVersion "1"]
[SourceVersionDate "2021.10.24"]
[SourceQuality "1"]

1. e4 d5 2. exd5 Qxd5 3. Nc3 Qa5 4. d4 Nf6 5. Nf3 Bg4 6. h3 Bf5 7. Ne5 c6 8. Nc4 Qc7 9. Qf3 Bxc2 10. Bf4 Qd7 11. Rc1 Bg6 12. d5 Qc8 13. a3 Nbd7 14. Qe3 Kd8 15. dxc6 bxc6 16. Be2 e6 17. 0-0 1-0

[Event "FICGS rapid D 000056 email"]
[Site "FICGS email"]
[Date "2011.05.03"]
[Round "1"]
[White "Siciliano, Pablo"]
[Black "Huxtable, Simon"]
[Result "1-0"]
[WhiteElo "1422"]
[BlackElo "1336"]
[PlyCount "71"]
[EventDate "2011.??.??"]
[EventType "tourn (rapid)"]
[EventRounds "6"]
[SourceTitle "Corr 2013"]
[Source "ChessBase"]
[SourceDate "2012.11.12"]
[SourceVersion "1"]
[SourceVersionDate "2012.11.12"]
[SourceQuality "1"]

1. e4 c6 2. d4 d5 3. exd5 cxd5 4. c4 Nf6 5. Nc3 e6 6. Nf3 Be7 7. cxd5 Nxd5 8. Bd3 Nc6 9. 0-0 0-0 10. Re1 Bf6 11. Be4 Nde7 12. Be3 e5 13. dxe5 Nxe5 14. Nxe5 Bxe5 15. Bxh7+ Kxh7 16. Qh5+ Kg8 17. Qxe5 Ng6 18. Qe4 Re8 19. Rad1 Bd7 20. Qxb7 Rb8 21. Qxd7 Qxd7 22. Rxd7 Rxb2 23. Rxa7 f5 24. Rb1 Rxb1+ 25. Nxb1 Rb8 26. Nd2 Rc8 27. g3 Rc2 28. Nf3 Kh7 29. Bd4 Kg8 30. Rxg7+ Kf8 31. Rxg6 Rxa2 32. Rg7 Ra4 33. Ng5 Ke8 34. Ne6 Rb4 35. Bf6 Rb6 36. Re7# 1-0

[Event "FICGS rapid D 000056 email"]
[Site "FICGS email"]
[Date "2011.05.03"]
[Round "1"]
[White "Yloenen, Olli"]
[Black "Siciliano, Pablo"]
[Result "1/2-1/2"]
[WhiteElo "1305"]
[BlackElo "1422"]
[PlyCount "66"]
[EventDate "2011.??.??"]
[EventType "tourn (rapid)"]
[EventRounds "6"]
[SourceTitle "Corr 2013"]
[Source "ChessBase"]
[SourceDate "2012.11.12"]
[SourceVersion "1"]
[SourceVersionDate "2012.11.12"]
[SourceQuality "1"]

1. e4 c5 2. Nf3 e6 3. Nc3 Nc6 4. d4 cxd4 5. Nxd4 Qc7 6. Be2 a6 7. 0-0 Nf6 8. Be3 Bb4 9. Na4 0-0 10. Nxc6 bxc6 11. f4 Be7 12. Bd3 c5 13. c4 d6 14. Nc3 Rb8 15. Qe2 Bb7 16. Kf2 Bc6 17. Rad1 Nd7 18. Kg1 Bf6 19. e5 dxe5 20. f5 e4 21. Nxe4 Be5 22. fxe6 Rxb2 23. exf7+ Rxf7 24. Qh5 g6 25. Qg5 Rxf1+ 26. Rxf1 Bg7 27. Rf2 Rxf2 28. Bxf2 Be5 29. g3 Bd4 30. Bxd4 cxd4 31. Nf6+ Nxf6 32. Qxf6 Qd7 33. Qe5 Qf7 1/2-1/2

[Event "FICGS class F 000068 email"]
[Site "FICGS email"]
[Date "2008.11.01"]
[Round "1"]
[White "Siciliano, Pablo"]
[Black "Belaz, Egidio"]
[Result "1-0"]
[WhiteElo "1351"]
[BlackElo "1234"]
[PlyCount "65"]
[EventDate "2008.??.??"]
[EventType "tourn (corr)"]
[EventRounds "5"]
[SourceTitle "Corr 2022"]
[Source "ChessBase"]
[SourceDate "2021.10.24"]
[SourceVersion "1"]
[SourceVersionDate "2021.10.24"]
[SourceQuality "1"]

1. e4 c5 2. Nf3 d6 3. d4 cxd4 4. Nxd4 Nf6 5. Nc3 e5 6. Nb3 Be7 7. Bg5 0-0 8. Bxf6 Bxf6 9. Nd5 Nc6 10. c3 Be6 11. Be2 Bxd5 12. Qxd5 Bh4 13. 0-0 Kh8 14. Rad1 Be7 15. f4 Bf6 16. Qxd6 Qb6+ 17. Qc5 Qc7 18. f5 Be7 19. Qe3 Rfd8 20. Qh3 Bg5 21. Qg4 Rxd1 22. Rxd1 f6 23. h4 Qb6+ 24. Kh2 Bf4+ 25. Kh3 Qf2 26. Qf3 Qb6 27. g3 Be3 28. Rd3 Bc5 29. Rd5 Rd8 30. Rxc5 Qc7 31. Rd5 Rg8 32. Qd3 Ne7 33. Rd7 1-0

[Event "FICGS rapid E 000006 email"]
[Site "FICGS email"]
[Date "2008.10.30"]
[Round "1"]
[White "McNabb, Sean"]
[Black "Siciliano, Pablo"]
[Result "0-1"]
[WhiteElo "807"]
[BlackElo "1159"]
[PlyCount "48"]
[EventDate "2008.??.??"]
[EventType "tourn (rapid)"]
[EventRounds "6"]
[SourceTitle "Corr 2022"]
[Source "ChessBase"]
[SourceDate "2021.10.24"]
[SourceVersion "1"]
[SourceVersionDate "2021.10.24"]
[SourceQuality "1"]

1. d4 d5 2. c4 c6 3. Nc3 Nf6 4. Bf4 dxc4 5. e4 b5 6. Nf3 e6 7. a3 Bb7 8. Ne5 Nbd7 9. Nxd7 Qxd7 10. Be2 Be7 11. 0-0 0-0 12. b3 cxb3 13. Qxb3 Qxd4 14. Rad1 Qb6 15. Be3 Qc7 16. g3 Rfd8 17. Rxd8+ Rxd8 18. a4 b4 19. Na2 Nxe4 20. Nxb4 Nd2 21. Bxd2 Rxd2 22. Bc4 Qb6 23. Nd3 Qxb3 24. Bxb3 Rxd3 0-1

[Event "FICGS rapid E 000006 email"]
[Site "FICGS email"]
[Date "2008.10.30"]
[Round "1"]
[White "Siciliano, Pablo"]
[Black "Gramajo, Francisco"]
[Result "1-0"]
[WhiteElo "1159"]
[BlackElo "1206"]
[PlyCount "39"]
[EventDate "2008.??.??"]
[EventType "tourn (rapid)"]
[EventRounds "6"]
[SourceTitle "Corr 2022"]
[Source "ChessBase"]
[SourceDate "2021.10.24"]
[SourceVersion "1"]
[SourceVersionDate "2021.10.24"]
[SourceQuality "1"]

1. e4 Nc6 2. Nf3 a6 3. d4 d6 4. Nc3 Bg4 5. Bc4 Nf6 6. Be3 b5 7. Bd3 b4 8. Nb1 a5 9. Nbd2 e5 10. c3 bxc3 11. bxc3 exd4 12. cxd4 Nb4 13. Bb1 Be7 14. a3 Nc6 15. 0-0 0-0 16. e5 dxe5 17. Qc2 e4 18. Nxe4 Bxf3 19. Nxf6+ Bxf6 20. Qxh7# 1-0

[Event "FICGS rapid E 000006 email"]
[Site "FICGS email"]
[Date "2008.10.30"]
[Round "1"]
[White "Siciliano, Pablo"]
[Black "Pipac, Darko"]
[Result "1-0"]
[WhiteElo "1159"]
[BlackElo "1282"]
[PlyCount "65"]
[EventDate "2008.??.??"]
[EventType "tourn (rapid)"]
[EventRounds "6"]
[SourceTitle "Corr 2022"]
[Source "ChessBase"]
[SourceDate "2021.10.24"]
[SourceVersion "1"]
[SourceVersionDate "2021.10.24"]
[SourceQuality "1"]

1. e4 e5 2. Nf3 Nc6 3. Bb5 a6 4. Bxc6 bxc6 5. d4 exd4 6. Qxd4 Qf6 7. e5 Qg6 8. 0-0 d6 9. Re1 Be6 10. exd6 Bxd6 11. Nc3 Qxc2 12. Qxg7 Bc5 13. Re2 Qg6 14. Qxh8 0-0-0 15. Qe5 Bd6 16. Qg5 Re8 17. Qxg6 hxg6 18. Bd2 Nf6 19. Rae1 Ng4 20. h3 Nf6 21. Nd4 Kd7 22. Nxe6 fxe6 23. Ne4 Nd5 24. Bc3 Rb8 25. Nf6+ Nxf6 26. Bxf6 g5 27. Rd1 a5 28. Bxg5 a4 29. Bf4 a3 30. bxa3 c5 31. Red2 Ke7 32. Rxd6 cxd6 33. Bxd6+ 1-0

[Event "FICGS no engines 00 email"]
[Site "FICGS email"]
[Date "2008.10.10"]
[Round "1"]
[White "Siciliano, Pablo"]
[Black "Jerez, Miriam"]
[Result "1-0"]
[WhiteElo "1159"]
[BlackElo "1648"]
[PlyCount "53"]
[EventDate "2008.??.??"]
[EventType "swiss (corr)"]
[EventRounds "1"]
[SourceTitle "Corr 2022"]
[Source "ChessBase"]
[SourceDate "2021.10.24"]
[SourceVersion "1"]
[SourceVersionDate "2021.10.24"]
[SourceQuality "1"]

1. e4 e5 2. Nf3 Nc6 3. Bb5 Nge7 4. c3 a6 5. Ba4 d6 6. d4 b5 7. Bb3 exd4 8. cxd4 Na5 9. Bc2 c6 10. h3 g6 11. 0-0 Bg7 12. Re1 0-0 13. Nbd2 Be6 14. Ng5 Bh6 15. Nxe6 fxe6 16. Qg4 e5 17. dxe5 dxe5 18. Qe6+ Rf7 19. Nb3 Qc8 20. Qxc8+ Rxc8 21. Nxa5 Bxc1 22. Raxc1 c5 23. Bb3 c4 24. Nxc4 bxc4 25. Rxc4 Rxc4 26. Bxc4 Kg7 27. Bxf7 1-0

[Event "FICGS rapid E 000005 email"]
[Site "FICGS email"]
[Date "2008.09.23"]
[Round "1"]
[White "Parker, Aaron"]
[Black "Siciliano, Pablo"]
[Result "0-1"]
[WhiteElo "1101"]
[BlackElo "1159"]
[PlyCount "28"]
[EventDate "2008.??.??"]
[EventType "tourn (rapid)"]
[EventRounds "6"]
[SourceTitle "Corr 2022"]
[Source "ChessBase"]
[SourceDate "2021.10.24"]
[SourceVersion "1"]
[SourceVersionDate "2021.10.24"]
[SourceQuality "1"]

1. e4 c5 2. d4 cxd4 3. Qxd4 Nc6 4. Qd1 g6 5. Nf3 Bg7 6. a3 d6 7. Bc4 Nf6 8. Bd3 0-0 9. 0-0 Bd7 10. Bd2 Ng4 11. Nc3 Nge5 12. Nxe5 Nxe5 13. Be2 Rc8 14. Be3 a6 0-1

[Event "FICGS rapid E 000005 email"]
[Site "FICGS email"]
[Date "2008.09.23"]
[Round "1"]
[White "Siciliano, Pablo"]
[Black "Neil, Charles"]
[Result "1-0"]
[WhiteElo "1159"]
[BlackElo "1050"]
[PlyCount "41"]
[EventDate "2008.??.??"]
[EventType "tourn (rapid)"]
[EventRounds "6"]
[SourceTitle "Corr 2022"]
[Source "ChessBase"]
[SourceDate "2021.10.24"]
[SourceVersion "1"]
[SourceVersionDate "2021.10.24"]
[SourceQuality "1"]

1. e4 c6 2. d4 d5 3. exd5 cxd5 4. Bd3 Nf6 5. Nf3 e6 6. 0-0 Nc6 7. c3 Be7 8. h3 0-0 9. Bf4 Nh5 10. Bh2 Bd6 11. Ne5 Nxe5 12. dxe5 Bxe5 13. Qxh5 Bxh2+ 14. Kxh2 Qc7+ 15. Kh1 g6 16. Qh6 Bd7 17. Nd2 a6 18. Nf3 f5 19. Ng5 Be8 20. Qxf8+ Kxf8 21. Nxe6+ 1-0

[Event "FICGS no engines 00 email"]
[Site "FICGS email"]
[Date "2008.09.17"]
[Round "1"]
[White "Bromo, Alexis"]
[Black "Siciliano, Pablo"]
[Result "0-1"]
[WhiteElo "1460"]
[BlackElo "1159"]
[PlyCount "64"]
[EventDate "2008.??.??"]
[EventType "swiss (corr)"]
[EventRounds "1"]
[SourceTitle "Corr 2022"]
[Source "ChessBase"]
[SourceDate "2021.10.24"]
[SourceVersion "1"]
[SourceVersionDate "2021.10.24"]
[SourceQuality "1"]

1. e4 c5 2. Nf3 e6 3. d4 cxd4 4. Nxd4 Bc5 5. Be3 Qb6 6. b3 Nc6 7. c3 Nf6 8. f3 d5 9. b4 Bxd4 10. Bxd4 Nxd4 11. Qxd4 Qxd4 12. cxd4 dxe4 13. fxe4 Nxe4 14. Bb5+ Bd7 15. Bxd7+ Kxd7 16. 0-0 Ke7 17. Rd1 Rhd8 18. a4 Rac8 19. Kf1 Rc2 20. Na3 Rb2 21. b5 Rd5 22. Nc4 Rf2+ 23. Kg1 Rg5 24. Ne3 Re2 25. Ra3 f5 26. g3 Nxg3 27. hxg3 Rxg3+ 28. Kf1 Rexe3 29. Rxe3 Rxe3 30. d5 e5 31. d6+ Kd7 32. a5 Ra3 0-1

[Event "FICGS no engines 00 email"]
[Site "FICGS email"]
[Date "2008.09.17"]
[Round "1"]
[White "Neil, Charlie"]
[Black "Siciliano, Pablo"]
[Result "0-1"]
[WhiteElo "1050"]
[BlackElo "1159"]
[PlyCount "38"]
[EventDate "2008.??.??"]
[EventType "swiss (corr)"]
[EventRounds "1"]
[SourceTitle "Corr 2024"]
[Source "ChessBase"]
[SourceDate "2023.10.19"]
[SourceVersion "1"]
[SourceVersionDate "2023.10.19"]
[SourceQuality "1"]

1. c4 e5 2. Nc3 d6 3. g3 Nc6 4. Bg2 Be6 5. b3 g6 6. Bb2 Bg7 7. Nf3 Nge7 8. 0-0 0-0 9. d3 h6 10. e3 f5 11. Rb1 g5 12. d4 Bf7 13. dxe5 Nxe5 14. Nd5 Bh5 15. Nxe7+ Qxe7 16. Qd5+ Kh7 17. Qxb7 Rab8 18. Qd5 c6 19. Nxe5 cxd5 0-1

[Event "FICGS rapid E 000004 email"]
[Site "FICGS email"]
[Date "2008.08.26"]
[Round "1"]
[White "Dotti Contra, Alessandro"]
[Black "Siciliano, Pablo"]
[Result "0-1"]
[WhiteElo "1092"]
[BlackElo "1159"]
[PlyCount "92"]
[EventDate "2008.??.??"]
[EventType "tourn (rapid)"]
[EventRounds "6"]
[SourceTitle "Corr 2022"]
[Source "ChessBase"]
[SourceDate "2021.10.24"]
[SourceVersion "1"]
[SourceVersionDate "2021.10.24"]
[SourceQuality "1"]

1. e4 c5 2. Nf3 e6 3. Bb5 a6 4. Ba4 b5 5. Nc3 bxa4 6. Nxa4 Nc6 7. d4 cxd4 8. Nxd4 Qa5+ 9. c3 Nxd4 10. Qxd4 e5 11. Qc4 Qb5 12. Qxb5 axb5 13. Nb6 Rb8 14. Be3 Nf6 15. f3 Bd6 16. 0-0 Bc7 17. Nxc8 Rxc8 18. b3 0-0 19. Bc5 Rfe8 20. a4 bxa4 21. bxa4 Ba5 22. c4 Rxc5 23. Rfc1 Rec8 24. Ra2 Bb6 25. Kf1 Rxc4 26. Re1 Rc2 27. Rxc2 Rxc2 28. Re2 Rc1+ 29. Re1 Rxe1+ 30. Kxe1 Ba5+ 31. Ke2 d5 32. Ke3 d4+ 33. Kd3 Ne8 34. g3 Nd6 35. h4 h5 36. g4 g6 37. g5 f6 38. gxf6 g5 39. hxg5 h4 40. g6 h3 41. f7+ Nxf7 42. gxf7+ Kxf7 43. f4 exf4 44. Kxd4 h2 45. e5 h1Q 46. Kc5 f3 0-1

[Event "FICGS rapid E 000004 email"]
[Site "FICGS email"]
[Date "2008.08.26"]
[Round "1"]
[White "Marcel, Alexis"]
[Black "Siciliano, Pablo"]
[Result "0-1"]
[WhiteElo "1213"]
[BlackElo "1159"]
[PlyCount "58"]
[EventDate "2008.??.??"]
[EventType "tourn (rapid)"]
[EventRounds "6"]
[SourceTitle "Corr 2022"]
[Source "ChessBase"]
[SourceDate "2021.10.24"]
[SourceVersion "1"]
[SourceVersionDate "2021.10.24"]
[SourceQuality "1"]

1. f4 c5 2. Nf3 Nc6 3. e3 Nf6 4. Be2 g6 5. b3 Bg7 6. Bb2 0-0 7. 0-0 d6 8. h3 b6 9. d3 Bb7 10. Nbd2 Nd5 11. Bxg7 Nxe3 12. Qc1 Kxg7 13. Re1 Nb4 14. Bd1 Nxd1 15. Qxd1 Qd7 16. a3 Nd5 17. Re3 Nxe3 18. Qc1 Nd5 19. Nc4 Kg8 20. Qe1 Nxf4 21. Ncd2 e5 22. Qf2 Qf5 23. Kh2 Ne6 24. Rf1 d5 25. Nh4 Qxf2 26. Rxf2 f5 27. c3 e4 28. dxe4 fxe4 29. Re2 g5 0-1

[Event "FICGS theme 0000 email"]
[Site "FICGS email"]
[Date "2007.03.11"]
[Round "1"]
[White "Siciliano, Pablo"]
[Black "Aigner, Michael"]
[Result "1-0"]
[WhiteElo "1159"]
[BlackElo "2307"]
[PlyCount "47"]
[EventDate "2007.??.??"]
[EventType "swiss (corr)"]
[EventRounds "1"]
[SourceTitle "Corr 2022"]
[Source "ChessBase"]
[SourceDate "2021.10.24"]
[SourceVersion "1"]
[SourceVersionDate "2021.10.24"]
[SourceQuality "1"]

1. e4 e6 2. d4 f5 3. exf5 Nf6 4. fxe6 Bb4+ 5. c3 Be7 6. exd7+ Bxd7 7. Nf3 Nc6 8. Bc4 Na5 9. Bd3 Bg4 10. Bf4 Nd5 11. Be5 0-0 12. Nbd2 Bg5 13. Qc2 Bxd2+ 14. Nxd2 Qh4 15. 0-0 Rae8 16. Rae1 Nc6 17. Bc4 Nce7 18. Bg3 Qh5 19. Re5 Qf7 20. Qe4 Bf5 21. Rxe7 Bxe4 22. Rxf7 Rxf7 23. Nxe4 c6 24. Nd6 1-0

[Event "FICGS theme 0000 email"]
[Site "FICGS email"]
[Date "2007.03.11"]
[Round "1"]
[White "Vasquez, Fernando Jose Pinto"]
[Black "Siciliano, Pablo"]
[Result "1-0"]
[WhiteElo "1711"]
[BlackElo "1159"]
[PlyCount "41"]
[EventDate "2007.??.??"]
[EventType "swiss (corr)"]
[EventRounds "1"]
[SourceTitle "Corr 2022"]
[Source "ChessBase"]
[SourceDate "2021.10.24"]
[SourceVersion "1"]
[SourceVersionDate "2021.10.24"]
[SourceQuality "1"]

1. e4 e6 2. d4 f5 3. exf5 exf5 4. Bd3 Nc6 5. Nf3 d6 6. d5 Ne5 7. 0-0 Qf6 8. Re1 Ne7 9. Nc3 a6 10. Bf4 Nxf3+ 11. Qxf3 Bd7 12. Qh5+ Qf7 13. Qh4 0-0-0 14. Be3 Nxd5 15. Bc4 c6 16. Nxd5 cxd5 17. Bb6 g5 18. Qxg5 Re8 19. Bxd5 Be7 20. Qd2 Qg7 21. Bd4 1-0

[Event "FICGS theme 0000 email"]
[Site "FICGS email"]
[Date "2007.02.05"]
[Round "1"]
[White "Krol, Wladyslaw"]
[Black "Siciliano, Pablo"]
[Result "1-0"]
[WhiteElo "2423"]
[BlackElo "1159"]
[PlyCount "39"]
[EventDate "2007.??.??"]
[EventType "swiss (corr)"]
[EventRounds "1"]
[SourceTitle "Corr 2022"]
[Source "ChessBase"]
[SourceDate "2021.10.24"]
[SourceVersion "1"]
[SourceVersionDate "2021.10.24"]
[SourceQuality "1"]

1. e4 c5 2. f4 d5 3. Nf3 dxe4 4. Ng5 Nf6 5. Bc4 Bg4 6. Bxf7+ Kd7 7. Qxg4+ Nxg4 8. Be6+ Ke8 9. Bf7+ Kd7 10. Be6+ Ke8 11. Bxg4 e5 12. 0-0 exf4 13. Ne6 Qh4 14. Rxf4 Qe1+ 15. Rf1 Qh4 16. Bh3 Bd6 17. d4 h6 18. Nxg7+ Kd8 19. Nf5 Qf6 20. Nc3 1-0